书目信息 |
| 题名: |
看好东盟新商机——行动
|
|
| 作者: | 许宁宁 编著 | |
| 分册: | ||
| 出版信息: | 北京 中国铁道出版社 2012 |
|
| 页数: | 285页 | |
| 开本: | 24cm | |
| 丛书名: | ||
| 单 册: | ||
| 中图分类: | F125.533 | |
| 科图分类: | ||
| 主题词: | 经济合作--中国--东南亚 , 经济合作 | |
| 电子资源: | ||
| ISBN: | 978-7-113-15296-3 | |
| 000 | 01035nam0 2200253 450 | |
| 001 | 523 | |
| 005 | 20140908161915.26 | |
| 010 | @a978-7-113-15296-3@dCNY68.00 | |
| 100 | @a20121008d2012 em y0chiy50 ea | |
| 101 | 0 | @achi@aeng |
| 102 | @aCN@b110000 | |
| 105 | @aa z 000yy | |
| 106 | @ar | |
| 200 | 1 | @a看好东盟新商机——行动@dNew business opportunities in Asean—faith and action@f许宁宁编著@zeng |
| 210 | @a北京@c中国铁道出版社@d2012 | |
| 215 | @a285页@c彩照@d24cm | |
| 330 | @a本书共分四部分,包括:中国-东盟自贸区建成,新商机层出;积极行动,抢抓商机;企业案例;重要文献。具体涉及:中国与东盟关系现状、趋势、对策;中国与东盟20年收获;中国-东盟产业合作现状、趋势及建议;近九成企业看好东盟投资前景;中国企业走进东盟投资成功的基本经验;中化国际东南亚发展纪实等。 | |
| 510 | 1 | @aNew business opportunities in Asean—faith and action@zeng |
| 606 | 0 | @a经济合作@y中国@y东南亚 |
| 606 | 0 | @a经济合作 |
| 690 | @aF125.533@v5 | |
| 701 | 0 | @a许宁宁@4编著 |
| 801 | 0 | @aCN@bTANGWEI@c20140603 |
| 905 | @b0842966-68@dF125.533@e204@f3 | |
| 看好东盟新商机——行动=New business opportunities in Asean—faith and action/许宁宁编著.-北京:中国铁道出版社,2012 |
| 285页:彩照;24cm |
| ISBN 978-7-113-15296-3:CNY68.00 |
| 本书共分四部分,包括:中国-东盟自贸区建成,新商机层出;积极行动,抢抓商机;企业案例;重要文献。具体涉及:中国与东盟关系现状、趋势、对策;中国与东盟20年收获;中国-东盟产业合作现状、趋势及建议;近九成企业看好东盟投资前景;中国企业走进东盟投资成功的基本经验;中化国际东南亚发展纪实等。 |
| ● |
| 相关链接 |
|
|
|
|
正题名:看好东盟新商机——行动
索取号:F125.533/204
 
预约/预借
| 序号 | 登录号 | 条形码 | 馆藏地/架位号 | 状态 | 备注 |
| 1 | 0842966 | 208429663 | 第一样本阅览室/ [索取号:F125.533/204] | 在馆 | |
| 2 | 0842967 | 208429672 | 密集书库-海洋学院/ [索取号:F125.533/204] | 在馆 | |
| 3 | 0842968 | 208429681 | 第一借阅区/ [索取号:F125.533/204] | 在馆 |